000 00292nam a2200109Ia 4500
008 200302s9999 xx 000 0 und d
100 _aKarl H. C. Ludwig
245 _aCompendium of Landscape Architecture and Open space design
260 _bBraun Publishing AG
260 _c2018
300 _a511
999 _c6057
_d6057